000 00607nam a2200193Ia 4500
003 GCL
008 140319s9999 xx 000 0 ara d
040 _aGCL /
_cGCL
082 0 4 _a329.02
_bن ا
100 1 _aنبيلة عبدالحليم كامل
245 1 0 _aالاحزاب السياسية فى العالم المعاصر /
_cنبيلة عبدالحليم كامل
260 _a[S.N] :
_bدار الفكر العربى
300 _a274 ص
490 _a
650 0 4 _aالاحزاب السياسية
650 0 4 _aالمذاهب السياسية
650 0 4 _aالعالم
942 _2ddc
_cBK
999 _c32671
_d32671